<?xml version="1.0" encoding="UTF-8"?>
<record
    xmlns:xsi="http://www.w3.org/2001/XMLSchema-instance"
    xsi:schemaLocation="http://www.loc.gov/MARC21/slim http://www.loc.gov/standards/marcxml/schema/MARC21slim.xsd"
    xmlns="http://www.loc.gov/MARC21/slim">

  <leader>00250nam a22001097a 4500</leader>
  <datafield tag="040" ind1=" " ind2=" ">
    <subfield code="c">SY</subfield>
  </datafield>
  <datafield tag="082" ind1=" " ind2=" ">
    <subfield code="a">519</subfield>
  </datafield>
  <datafield tag="100" ind1=" " ind2=" ">
    <subfield code="a">ENG LENG; &#x17A2;&#x17C1;&#x1784; &#x179B;&#x17C1;&#x1784;</subfield>
  </datafield>
  <datafield tag="245" ind1=" " ind2=" ">
    <subfield code="a">&#x179F;&#x17D2;&#x1790;&#x17B7;&#x178F;&#x17B7;&#x17A2;&#x17B6;&#x1787;&#x17B8;&#x179C;&#x1780;&#x1798;&#x17D2;&#x1798;</subfield>
  </datafield>
  <datafield tag="260" ind1=" " ind2=" ">
    <subfield code="a">RUA</subfield>
    <subfield code="b">ENG</subfield>
    <subfield code="c">2000</subfield>
  </datafield>
  <datafield tag="942" ind1=" " ind2=" ">
    <subfield code="c">KB</subfield>
  </datafield>
  <datafield tag="999" ind1=" " ind2=" ">
    <subfield code="c">9726</subfield>
    <subfield code="d">9726</subfield>
  </datafield>
  <datafield tag="952" ind1=" " ind2=" ">
    <subfield code="0">0</subfield>
    <subfield code="1">0</subfield>
    <subfield code="4">0</subfield>
    <subfield code="6">519_000000000000000_ENG_2000_C166</subfield>
    <subfield code="7">0</subfield>
    <subfield code="9">51874</subfield>
    <subfield code="a">LBC</subfield>
    <subfield code="b">LBC</subfield>
    <subfield code="c">C166</subfield>
    <subfield code="d">2016-09-08</subfield>
    <subfield code="o">519 ENG 2000 C166</subfield>
    <subfield code="p">A02657</subfield>
    <subfield code="r">2016-09-08</subfield>
    <subfield code="y">KB</subfield>
  </datafield>
  <datafield tag="952" ind1=" " ind2=" ">
    <subfield code="0">0</subfield>
    <subfield code="1">0</subfield>
    <subfield code="4">0</subfield>
    <subfield code="6">519_000000000000000_ENG_2000_C166</subfield>
    <subfield code="7">0</subfield>
    <subfield code="9">51876</subfield>
    <subfield code="a">LBC</subfield>
    <subfield code="b">LBC</subfield>
    <subfield code="c">C166</subfield>
    <subfield code="d">2016-09-08</subfield>
    <subfield code="o">519 ENG 2000 C166</subfield>
    <subfield code="p">A02807</subfield>
    <subfield code="r">2016-09-08</subfield>
    <subfield code="y">KB</subfield>
  </datafield>
</record>
